• 首页
  • 本馆介绍
  • 公告通知
  • 最新文献
  • 馆藏检索
  • 电子资源
  • 读者导购
  • 参考咨询
  • 我的图书馆
  • 登录
  • 详细信息显示
  • 放入我的书架
  • 预约/预借图书
  • 作者相关作品
  • 分类相关作品
  • 丛书相关作品
  • 出版社相关作品

书目信息

  • 表格格式
  • 工作单格式
  • 卡片格式
题名:
植物生理生态学
    
 
作者: Lambers 著 ;张国平 , 周伟军 译
分册:  
出版信息: 杭州   浙江大学出版社  2005
页数: 11,390页
开本: 29cm
丛书名:
单 册:
中图分类: Q945.79
科图分类:
主题词: 植物生理学--植物生态学 , 植物生态学 , 植物生理学
电子资源:
ISBN: 7-308-04222-7
000 00938nam0 2200277 450
001 010700009582
005 20061119082610.37
010    @a7-308-04222-7@dCNY60.00
100    @a20050804d2005 em y0chiy0110 ea
101 1  @achi@ceng
102    @aCN@b330000
105    @aak z 000yy
200 1  @a植物生理生态学@9zhi wu sheng li sheng tai xue@f(澳)Hans Lambers等著@g张国平,周伟军译
210    @a杭州@c浙江大学出版社@d2005
215    @a11,390页@c图@d29cm
330    @a本书内容包括:假说和研究方法、光合作用、呼吸作用、同化物的长距离运输、植物水分关系、矿质养分、生长与分配、生物因子的影响等。
510 1  @aPlant Physiological Ecology@zeng
606 0  @a植物生理学@x植物生态学
606 0  @a植物生态学
606 0  @a植物生理学
690    @aQ945.79@v4
701  1 @aLambers@bHans@4著
702  0 @a张国平@9zhang guo ping@4译
702  0 @a周伟军@9zhou wei jun@4译
801  0 @aCN@bRENTIAN@c20061119
905    @a10447@dQ945.79@e144
    
    植物生理生态学/(澳)Hans Lambers等著/张国平,周伟军译.-杭州:浙江大学出版社,2005
    11,390页:图;29cm
    
    
    ISBN 7-308-04222-7:CNY60.00
    本书内容包括:假说和研究方法、光合作用、呼吸作用、同化物的长距离运输、植物水分关系、矿质养分、生长与分配、生物因子的影响等。
●
相关链接 在E读中查询图书 在五车中查询图书 在当当中查询图书 在豆瓣中查询图书


正题名:植物生理生态学     索取号:Q945.79/144         预约/预借

序号 登录号 条形码 馆藏地/架位号 状态 备注
1 0392405   203924058   第二样本阅览室/ [索取号:Q945.79/144] 在馆    
2 0392406   203924067   第三借阅区/ [索取号:Q945.79/144] 在馆    
3 0392407   203924076   第三借阅区/ [索取号:Q945.79/144] 在馆    
唐山师范学院图书馆 欢迎您!
大连网信软件有限公司© 版权所有